000 00320nam a22001217a 4500
003 OSt
008 250107b |||||||| |||| 00| 0 eng d
041 _aeng
100 _aRamachandran Nair
_96823
245 _aKaayikapravartham
260 _bDirectorate of Extension Education, Kerala Agricultural University
942 _cBK
999 _c18974
_d18974